Rapidly intensifying tropical cyclones of 2015 - Statistics

General Stats
  • This quiz has been taken 4 times
  • The average score is 21 of 34
Answer Stats
Basin Maximum wind increase in 24hrs Answer % Correct
Western Pacific 40 knots Atsani
75%
Eastern Pacific 60 knots Blanca
75%
Atlantic 45 knots Danny
75%
Eastern Pacific 40 knots Dolores
75%
Western Pacific 40 knots Dolphin
75%
Western Pacific 60 knots Goni
75%
Western Pacific 60 knots Higos
75%
Central Pacific 50 knots Hilda
75%
Central Pacific 45 knots Ignacio
75%
Eastern Pacific 65 knots Jimena
75%
Atlantic 45 knots Joaquin
75%
Central Pacific 55 knots Kilo
75%
Western Pacific 45 knots Koppu
75%
Western Pacific 45 knots Maysak
75%
Western Pacific 60 knots Mujigae
75%
Western Pacific 45 knots Nangka
75%
Eastern Pacific 40 knots Olaf
75%
Eastern Pacific 105 knots Patricia
75%
Eastern Pacific 60 knots Sandra
75%
Western Pacific 55 knots Soudelor
75%
South Indian 65 knots Bansi
50%
North Indian 75 knots Chapala
50%
South Indian 50 knots Eunice
50%
Eastern Pacific 50 knots Guillermo
50%
Western Pacific 40 knots Krovanh
50%
Eastern Pacific 45 knots Linda
50%
North Indian 50 knots Megh
50%
Western Pacific 60 knots Melor
50%
South Pacific 40 knots Pam
50%
Western Pacific 40 knots Dujian
25%
South Indian 60 knots Ikola
25%
South Indian 50 knots Joalane
25%
South Pacific 80 knots Marcia
25%
South Indian 70 knots Quang
25%
No matching quizzes found
Score Distribution
Percent of People with Each Score
Percentile by Number Answered
Your Score History
You have not taken this quiz